It's a great world! (Record no. 2951)

MARC details
000 -LEADER
fixed length control field 00627cam a22002171 4500
001 - CONTROL NUMBER
control field 7828025
003 - CONTROL NUMBER IDENTIFIER
control field GBCCL
005 - DATE AND TIME OF LATEST TRANSACTION
control field 20241126110444.0
008 - FIXED-LENGTH DATA ELEMENTS--GENERAL INFORMATION
fixed length control field 750428s1935 pau 000 1 eng
010 ## -
-- 35010321
035 ## - SYSTEM CONTROL NUMBER
System control number (OCoLC)1301974
040 ## - CATALOGING SOURCE
Original cataloging agency DLC
Transcribing agency FO
Modifying agency OCoLC
-- DLC
050 00 -
-- PZ3.L8938
-- It
-- PS3523.O645
082 ## - DEWEY DECIMAL CLASSIFICATION NUMBER
Classification number 813.54
Item number LOR
100 1# - MAIN ENTRY--PERSONAL NAME
Personal name Loring, Emilie Baker.
9 (RLIN) 5665
245 10 - TITLE STATEMENT
Title It's a great world!
Statement of responsibility, etc. [By] Emilie Loring.
260 ## - PUBLICATION, DISTRIBUTION, ETC.
Place of publication, distribution, etc. Philadelphia,
Name of publisher, distributor, etc. The Penn Publishing Company
Date of publication, distribution, etc. 1967, [c1935]
300 ## - PHYSICAL DESCRIPTION
Extent 170 p.
Dimensions 20 cm.
906 ## - LOCAL DATA ELEMENT F, LDF (RLIN)
a 7
b cbc
c oclcrpl
d u
e ncip
f 19
g y-gencatlg
942 ## - ADDED ENTRY ELEMENTS (KOHA)
Source of classification or shelving scheme Dewey Decimal Classification
Koha item type Books
Holdings
Withdrawn status Lost status Source of classification or shelving scheme Damaged status Not for loan Home library Current Library Shelving location Date acquired Total checkouts Full call number Barcode Date last seen Copy number Price effective from Koha item type
    Dewey Decimal Classification     GRACE BIBLE COLLEGE GRACE BIBLE COLLEGE General Studies 2017-10-10   813.54 LOR 009246 2025-05-01 c.1 2017-10-10 Books
© Grace Bible College Library 2025